[Event "Arandjelovac op 2nd"]
[Site "Arandjelovac"]
[Date "2023.08.05"]
[Round "8"]
[White "Ilic, Slobodan S2222"]
[Black "Mihajlovic, Pavle"]
[Result "1/2-1/2"]
[WhiteElo "2017"]
[BlackElo "1948"]
[PlyCount "38"]
[EventDate "2023.07.31"]
[EventType "swiss"]
[EventRounds "9"]
[EventCountry "SRB"]
[SourceTitle "CBM 215 Extra"]
[Source "ChessBase"]
[SourceDate "2023.09.30"]
[SourceVersion "1"]
[SourceVersionDate "2023.09.30"]
[SourceQuality "1"]

1. Nf3 d5 2. g3 c6 3. Bg2 Nf6 4. d3 Bf5 5. 0-0 e6 6. Nbd2 Be7 7. b3 0-0 8. Bb2 h6 9. c4 Nbd7 10. Qc2 Ne8 11. a3 a5 12. Bc3 Bf6 13. b4 Bxc3 14. Qxc3 Qf6 15. Qc1 Nd6 16. Re1 Bh7 17. cxd5 cxd5 18. e4 Rfc8 19. Qb1 Qc3 1/2-1/2

[Event "Silver Lake op-B"]
[Site "Veliko Gradiste"]
[Date "2018.06.21"]
[Round "6"]
[White "Alivodic, Dario"]
[Black "Mihajlovic, Pavle"]
[Result "1-0"]
[WhiteElo "1997"]
[BlackElo "1777"]
[PlyCount "49"]
[EventDate "2018.06.17"]
[EventType "swiss"]
[EventRounds "9"]
[EventCountry "SRB"]
[SourceTitle "EXT 2019"]
[Source "ChessBase"]
[SourceDate "2018.10.10"]
[SourceVersion "1"]
[SourceVersionDate "2018.10.10"]
[SourceQuality "1"]

1. d4 Nf6 2. c4 g6 3. Nc3 Bg7 4. e4 d6 5. Nge2 0-0 6. Bg5 c5 7. d5 b5 8. cxb5 a6 9. Nc1 Nbd7 10. f3 Qc7 11. Be2 axb5 12. Bxb5 Ba6 13. a4 Rfb8 14. N1a2 Ne5 15. 0-0 h6 16. Be3 Nc4 17. Bxc4 Bxc4 18. Rf2 Nd7 19. Nc1 Rxb2 20. Rxb2 Bxc3 21. Qc2 Bxb2 22. Qxb2 Qb6 23. Qc2 Qb4 24. Bd2 Bb3 25. Nxb3 1-0

[Event "Silver Lake op-B"]
[Site "Veliko Gradiste"]
[Date "2018.06.20"]
[Round "5"]
[White "Ilic, Aleksandar"]
[Black "Mihajlovic, Pavle"]
[Result "1/2-1/2"]
[WhiteElo "2126"]
[BlackElo "1777"]
[PlyCount "127"]
[EventDate "2018.06.17"]
[EventType "swiss"]
[EventRounds "9"]
[EventCountry "SRB"]
[SourceTitle "EXT 2019"]
[Source "ChessBase"]
[SourceDate "2018.10.10"]
[SourceVersion "1"]
[SourceVersionDate "2018.10.10"]
[SourceQuality "1"]

1. e4 c5 2. Nf3 g6 3. d4 cxd4 4. Nxd4 Nc6 5. Nc3 Bg7 6. Be3 Nf6 7. Bc4 Qa5 8. 0-0 0-0 9. Nb3 Qc7 10. Be2 d6 11. Qd2 Re8 12. h3 b6 13. Bg5 Be6 14. f4 Na5 15. Nxa5 bxa5 16. f5 Bc4 17. fxg6 hxg6 18. Be3 Bxe2 19. Qxe2 Qb7 20. Bd4 e5 21. Bf2 Qxb2 22. Nb5 Nxe4 23. Nc7 Ng3 24. Qa6 Nxf1 25. Rxf1 Qxa2 26. Nxa8 Rxa8 27. Qxd6 Qxc2 28. Qd5 Rc8 29. Qxa5 Qc7 30. Qxa7 Qxa7 31. Bxa7 Kf8 32. Rb1 Ke7 33. Rb7+ Ke6 34. Rb6+ Kd5 35. Rb7 Ke6 36. Rb6+ Kd5 37. Rb5+ Ke4 38. Rb4+ Kd3 39. Rb7 Ke2 40. Rxf7 Rc1+ 41. Kh2 Bh6 42. Rf2+ Kd3 43. Rf3+ Ke4 44. Ra3 Bf4+ 45. g3 Rc2+ 46. Kg1 Bc1 47. Rb3 Bb2 48. Re3+ Kd5 49. Rf3 e4 50. Rf2 Rc1+ 51. Kg2 Be5 52. Rd2+ Kc4 53. Re2 Kd5 54. Be3 Rd1 55. h4 Kc4 56. Bf2 Kd5 57. Kh3 Bd4 58. Kg2 Bxf2 59. Kxf2 Rd3 60. Ra2 Rf3+ 61. Kg2 Rf6 62. Rf2 Rxf2+ 63. Kxf2 Ke5 64. g4 1/2-1/2